000 00460nam a2200193Ia 4500
005 20240913125734.0
008 240913s9999||||xx |||||||||||||| ||und||
041 _aENGLISH
082 _A621.3 N2
100 _aSmith,Ralph J
245 0 _aCircuits,Devices and Systems
250 _a5th
260 _c1992
_bJohn Wiley,New York
500 _aREFERENCE
650 _aCircuits
_bElectrical
700 _a Dorf,Richard C
942 _cREF
999 _c246166
_d246166